000
00303nam a22001337a 4500
008
170405b xxu||||| |||| 00| 0 eng d
020
_a
9780071375023
041
_a
eng
080
_a
616.15
100
_a
9
101
_a
SHM
245
_a
HEMATOLOGY IN CLINICAL PRACTICE
_c
HILLMAN, R.S
942
_2
udc
_c
BK
999
_c
9903
_d
9903